000
00249nam a2200085Ia 4500
008
220204s9999 xx 000 0 und d
082
_a
331:338.012(540)
_b
REP;1
245
0
_a
Report of the study group on labour problems in the public sector
942
_c
BK
999
_c
22050
_d
22050